[Event "ROU-ch Women 2021"]
[Site "Iasi"]
[Date "2021.04.23"]
[Round "6.5"]
[White "Anghel, Maria"]
[Black "Marcu, Daria-Ana"]
[Result "1-0"]
[WhiteElo "1918"]
[BlackElo "1533"]
[Annotator "TA"]
[PlyCount "79"]
[EventDate "2021.04.19"]
[EventType "swiss"]
[EventCountry "ROU"]
[SourceTitle "playchess.com"]
[Source "ChessBase"]
[SourceQuality "1"]

{[%evp 15,78,20,22,12,50,40,56,43,120,121,118,84,107,107,119,112,120,107,108,113,119,106,114,110,111,100,120,103,132,136,162,105,141,138,143,151,150,170,188,179,328,338,353,346,349,343,608,631,604,595,29989,29990,29990,29991,29997,29996,29997,29995,29997,29996,29996,29997,29998,29999,29999]} 1. d4 Nf6 2. Nf3 e6 3. c4 Bb4+ 4. Bd2 Be7 5. Nc3 d5 6. Bf4 a6 7. cxd5 exd5 8. e3 O-O 9. Bd3 {D37: Queen's Gambit Declined: 5 Bf4.} Bg4 10. h3 Bh5 {[#]} 11. O-O $146 {White is slightly better.} ({Predecessor:} 11. g4 Bg6 12. Bxg6 hxg6 13. Qb3 c6 14. Qxb7 Ne4 15. Qxa8 Qb6 16. O-O Nd7 17. Nxd5 cxd5 18. Qxd5 Ndf6 19. Qb3 Qa7 20. Rac1 Qd7 21. Rc7 Qb5 22. Qxb5 {1-0 (21) Cyborowski,L (2524)-Kowalczyk,R (2235) Szczawno Zdroj 2018}) 11... c5 (11... Ra7 $14) 12. dxc5 $16 Bxc5 13. Bg5 Be7 14. g4 Bg6 15. Bxg6 hxg6 16. Bxf6 Bxf6 17. Nxd5 Nc6 18. Nxf6+ Qxf6 19. Qe2 Rac8 20. Rac1 Rfe8 21. a3 Re4 22. Kg2 Rce8 23. Qc2 ({White should try} 23. Rfd1 $18) 23... R4e6 24. Qc3 Ne5 {[#]} 25. Nxe5 Rxe5 26. Rfd1 Qh4 27. Rd7 Re4 (27... R5e7 $142 28. Rcd1 b5) 28. Qc7 $18 ({And not} 28. Rxb7 Rxg4+ 29. hxg4 Qxg4+ 30. Kh2 Qh4+ 31. Kg2 (31. Kg1 Qg4+ 32. Kf1 Qh3+ 33. Ke2 Qg4+ 34. Kd2 Rd8+ 35. Qd3 Rxd3+ 36. Kxd3 Qf5+ 37. Ke2 Qh5+ 38. f3 Qh2+ 39. Kd3 Qd6+ 40. Ke2 Qh2+ 41. Kd3 Qd6+ 42. Ke2 Qh2+ $11) 31... Qg4+ 32. Kf1 Qh3+ 33. Kg1 Qg4+ 34. Kf1 Qh3+ 35. Kg1 Qg4+ 36. Kf1 $11) 28... Qf6 29. Qxb7 {[#] Hoping for Rcc7.} R4e6 30. Qf3 Qxb2 $2 (30... Rb8 31. b4 Rf8) 31. Qxf7+ Kh7 32. Rcc7 {Rd4 is the strong threat.} Kh8 33. Rd4 {[%csl Gc7][%cal Rf7g7] White mates.} Rg8 34. Qxe6 Qxa3 35. Qxg6 {[%cal Rg6h5]} Qa5 36. Rcd7 Qe5 37. R7d5 Re8 38. Rxe5 Rxe5 39. Rd8+ Re8 40. Rxe8# {Weighted Error Value: White=0.05/Black=0.48} 1-0

[Event "ROU-ch Women 2021"]
[Site "Iasi"]
[Date "2021.04.23"]
[Round "6.6"]
[White "Andries, Alexia"]
[Black "Pirvan, Maria"]
[Result "1/2-1/2"]
[WhiteElo "1553"]
[BlackElo "1529"]
[Annotator "NA RC"]
[PlyCount "130"]
[EventDate "2021.04.19"]
[EventType "swiss"]
[EventCountry "ROU"]
[SourceTitle "playchess.com"]
[Source "ChessBase"]
[SourceQuality "1"]
[TimeControl "5400+30"]

1. d4 {[%emt 0:00:00]} Nf6 {[%emt 0:00:00]} 2. c4 {[%emt 0:00:00]} c5 {[%emt 0:00:00]} 3. e3 {[%emt 0:00:00]} g6 {[%emt 0:00:00]} 4. Nc3 {[%emt 0:00:50]} Bg7 {[%emt 0:00:06]} 5. Nf3 {[%emt 0:00:34]} O-O {[%emt 0:01:02]} 6. Bd3 {[%emt 0:01:14]} d5 {[%emt 0:01:28]} 7. O-O {[%emt 0:01:09]} cxd4 {[%emt 0:06:23]} 8. exd4 {[%emt 0:00:08]} Nc6 {[%emt 0:00:19]} 9. Re1 {[%emt 0:05:29]} Bg4 {[%emt 0:03:27]} 10. Be2 {[%emt 0:04:18]} dxc4 {[%emt 0:08:47]} 11. d5 {[%emt 0:01:05]} Nb4 {[%emt 0:00:30]} 12. h3 {[%emt 0:09:23]} Bf5 {[%emt 0:18:24]} 13. Bxc4 {[%emt 0:20:53]} Nc2 {[%emt 0:11:17]} 14. Bf4 {[%emt 0:00:57]} Nxa1 {[%emt 0:07:23]} 15. Qxa1 {[%emt 0:00:10]} Rc8 {[%emt 0:01:33]} 16. Bb3 {[%emt 0:00:43]} Nh5 {[%emt 0:11:32]} 17. Be5 {[%emt 0:01:32]} Bxe5 {[%emt 0:00:58]} 18. Nxe5 {[%emt 0:00:09]} Nf4 {[%emt 0:04:07]} 19. Qd1 {[%emt 0:04:51]} Qd6 {[%emt 0:09:33]} 20. Qd2 {[%emt 0:05:06]} g5 {[%emt 0:04:26]} 21. h4 {[%emt 0:03:56]} f6 {[%emt 0:07:54]} 22. Nf3 {[%emt 0:00:57]} g4 {[%emt 0:01:13]} 23. Nd4 {[%emt 0:00:38]} Bg6 {[%emt 0:00:34]} 24. Ne6 {[%emt 0:02:35]} Nxe6 {[%emt 0:00:32]} 25. Rxe6 {[%emt 0:00:07]} Qb4 {[%emt 0:00:28]} 26. d6 {[%emt 0:00:33]} Bf7 {[%emt 0:00:26]} 27. dxe7 {[%emt 0:02:36]} Bxe6 {[%emt 0:00:22]} 28. Bxe6+ {[%emt 0:00:23]} Kh8 {[%emt 0:00:23]} 29. exf8=Q+ {[%emt 0:02:05]} Rxf8 {[%emt 0:00:00]} 30. Qh6 {[%emt 0:00:02]} Qe7 {[%emt 0:00:00]} 31. Bxg4 {[%emt 0:02:56]} Qg7 {[%emt 0:00:43]} 32. Qxg7+ {[%emt 0:00:27]} Kxg7 {[%emt 0:00:05]} 33. Kh2 {[%emt 0:01:19]} Rd8 {[%emt 0:00:39]} 34. Ne4 {[%emt 0:05:02]} Rd4 {[%emt 0:00:46]} 35. Bf3 {[%emt 0:00:55]} f5 {[%emt 0:01:09]} 36. Nc5 {[%emt 0:01:10]} Rxh4+ {[%emt 0:00:40]} 37. Kg3 {[%emt 0:00:09]} Rb4 {[%emt 0:00:24]} 38. Nxb7 {[%emt 0:00:40]} Rxb2 {[%emt 0:00:43]} 39. a4 {[%emt 0:00:06]} Rb4 {[%emt 0:00:29]} 40. a5 {[%emt 0:00:12]} Ra4 {[%emt 0:00:43]} 41. Kh3 {[%emt 0:01:33]} Kf6 {[%emt 0:00:29]} 42. g3 {[%emt 0:00:44]} Ra3 {[%emt 0:00:28]} 43. Kg2 {[%emt 0:00:41]} a6 {[%emt 0:00:32]} 44. Be2 {[%emt 0:00:52]} Rb3 {[%emt 0:00:31]} 45. Bxa6 {[%emt 0:01:10]} Ke7 {[%emt 0:00:23]} 46. f3 {[%emt 0:01:02]} Rb2+ {[%emt 0:00:28]} 47. Kh3 {[%emt 0:00:31]} Rb3 {[%emt 0:00:29]} 48. f4 {[%emt 0:00:17]} h6 {[%emt 0:00:37]} 49. Nc5 {[%emt 0:01:28]} Ra3 {[%emt 0:00:12]} 50. Bb7 {[%emt 0:00:18]} Rxa5 {[%emt 0:00:22]} 51. Nd3 {[%emt 0:00:15]} Kf6 {[%emt 0:00:45]} 52. Ne5 {[%emt 0:00:30]} Ra3 {[%emt 0:00:40]} 53. Bf3 {[%emt 0:01:04]} Ra4 {[%emt 0:00:25]} 54. Nd7+ {[%emt 0:01:00]} Kg6 {[%emt 0:00:36]} 55. Nb6 {[%emt 0:00:49]} Ra6 {[%emt 0:00:34]} 56. Nd5 {[%emt 0:00:16]} Re6 {[%emt 0:00:27]} 57. Kg2 {[%emt 0:01:31]} Rd6 {[%emt 0:00:31]} 58. Kh3 {[%emt 0:01:05]} Re6 {[%emt 0:00:14]} 59. g4 {[%emt 0:00:57]} fxg4+ {[%emt 0:00:23]} 60. Kxg4 {[%emt 0:00:12]} Ra6 {[%emt 0:00:44]} 61. Be4+ {[%emt 0:01:04]} Kf7 {[%emt 0:00:27]} 62. f5 {[%emt 0:01:08]} Ra1 {[%emt 0:00:42]} 63. Nf4 {[%emt 0:00:25]} Rf1 {[%emt 0:00:27]} 64. Bd5+ {[%emt 0:00:39]} Kf6 {[%emt 0:00:31]} 65. Nh5+ {[%emt 0:00:56]} Ke5 {[%emt 0:00:29]} 1/2-1/2

[Event "ROU-ch Women 2021"]
[Site "Iasi"]
[Date "2021.04.23"]
[Round "7.1"]
[White "Sandu, Mihaela"]
[Black "Peptan, Corina-Isabela"]
[Result "1-0"]
[WhiteElo "2268"]
[BlackElo "2392"]
[Annotator "NA"]
[PlyCount "81"]
[EventDate "2021.04.19"]
[EventType "swiss"]
[EventCountry "ROU"]
[SourceTitle "playchess.com"]
[Source "ChessBase"]
[SourceQuality "1"]
[TimeControl "5400+30"]

1. e4 {[%emt 0:00:00]} c6 {[%emt 0:00:00]} 2. c4 {[%emt 0:00:10]} d5 {[%emt 0:01:25]} 3. exd5 {[%emt 0:00:07]} cxd5 {[%emt 0:00:02]} 4. cxd5 {[%emt 0:00:04]} Nf6 {[%emt 0:00:17]} 5. Nc3 {[%emt 0:00:10]} Nxd5 {[%emt 0:00:10]} 6. Nf3 {[%emt 0:00:10]} e6 {[%emt 0:01:12]} 7. d4 {[%emt 0:00:04]} Be7 {[%emt 0:00:13]} 8. Bd3 {[%emt 0:06:17]} O-O {[%emt 0:14:47]} 9. O-O {[%emt 0:00:20]} Nxc3 {[%emt 0:01:49]} 10. bxc3 {[%emt 0:00:05]} Nd7 {[%emt 0:00:03]} 11. Qe2 {[%emt 0:03:02]} Qc7 {[%emt 0:02:48]} 12. c4 {[%emt 0:12:32]} Re8 {[%emt 0:02:31]} 13. Qe4 {[%emt 0:02:46]} Nf8 {[%emt 0:04:02]} 14. Bf4 {[%emt 0:02:17]} Bd6 {[%emt 0:01:42]} 15. Bxd6 {[%emt 0:06:20]} Qxd6 {[%emt 0:00:00]} 16. Rab1 {[%emt 0:00:48]} Rb8 {[%emt 0:04:58]} 17. Ne5 {[%emt 0:13:53]} Bd7 {[%emt 0:05:24]} 18. c5 {[%emt 0:09:31]} Qd5 {[%emt 0:07:25]} 19. Nxd7 {[%emt 0:01:28]} Nxd7 {[%emt 0:04:45]} 20. Qxh7+ {[%emt 0:00:16]} Kf8 {[%emt 0:00:01]} 21. Bb5 {[%emt 0:09:11]} g6 {[%emt 0:11:01]} 22. Rb3 {[%emt 0:03:48]} Ke7 {[%emt 0:09:58]} 23. Bxd7 {[%emt 0:04:17]} Qxd7 {[%emt 0:00:59]} 24. Qh4+ {[%emt 0:01:50]} Kf8 {[%emt 0:02:47]} 25. Rf3 {[%emt 0:02:23]} f5 {[%emt 0:01:51]} 26. Qh8+ {[%emt 0:00:21]} Ke7 {[%emt 0:00:05]} 27. Qg7+ {[%emt 0:00:04]} Kd8 {[%emt 0:00:06]} 28. Qxg6 {[%emt 0:00:07]} Qxd4 {[%emt 0:00:11]} 29. Qg3 {[%emt 0:00:28]} Kc8 {[%emt 0:02:33]} 30. Rd3 {[%emt 0:00:13]} Qf6 {[%emt 0:04:24]} 31. Rfd1 {[%emt 0:00:38]} f4 {[%emt 0:00:30]} 32. Qf3 {[%emt 0:01:20]} Re7 {[%emt 0:07:33]} 33. Rd8+ {[%emt 0:04:22]} Kc7 {[%emt 0:00:06]} 34. Qd3 {[%emt 0:00:10]} Rxd8 {[%emt 0:05:48]} 35. Qxd8+ {[%emt 0:00:05]} Kc6 {[%emt 0:00:03]} 36. Qd6+ {[%emt 0:00:06]} Kb5 {[%emt 0:00:03]} 37. c6 {[%emt 0:02:05]} bxc6 {[%emt 0:03:58]} 38. Rb1+ {[%emt 0:00:16]} Kc4 {[%emt 0:00:13]} 39. Rc1+ {[%emt 0:00:10]} Kb5 {[%emt 0:00:23]} 40. Qxc6+ {[%emt 0:00:51]} Kb4 {[%emt 0:00:37]} 41. Qc5+ {[%emt 0:00:14]} 1-0

[Event "ROU-ch Women 2021"]
[Site "Iasi"]
[Date "2021.04.23"]
[Round "7.2"]
[White "Ciolacu, Alessia-Mihaela"]
[Black "Andries, Alexia"]
[Result "1-0"]
[WhiteElo "2052"]
[BlackElo "1553"]
[Annotator "NA"]
[PlyCount "75"]
[EventDate "2021.04.19"]
[EventType "swiss"]
[EventCountry "ROU"]
[SourceTitle "playchess.com"]
[Source "ChessBase"]
[SourceQuality "1"]
[TimeControl "5400+30"]

1. d4 {[%emt 0:00:00]} Nf6 {[%emt 0:03:05]} 2. c4 {[%emt 0:00:00]} g6 {[%emt 0:00:31]} 3. Nc3 {[%emt 0:00:00]} Bg7 {[%emt 0:00:19]} 4. e4 {[%emt 0:00:00]} d6 {[%emt 0:00:11]} 5. Be2 {[%emt 0:00:04]} O-O {[%emt 0:00:41]} 6. Be3 {[%emt 0:00:12]} e5 {[%emt 0:03:03]} 7. d5 {[%emt 0:00:11]} Na6 {[%emt 0:01:35]} 8. g4 {[%emt 0:00:12]} Nc5 {[%emt 0:01:38]} 9. f3 {[%emt 0:00:12]} Ne8 {[%emt 0:03:07]} 10. h4 {[%emt 0:01:12]} f5 {[%emt 0:01:42]} 11. h5 {[%emt 0:08:43]} fxe4 {[%emt 0:08:36]} 12. fxe4 {[%emt 0:00:49]} gxh5 {[%emt 0:00:37]} 13. gxh5 {[%emt 0:01:06]} Kh8 {[%emt 0:04:00]} 14. Qd2 {[%emt 0:03:28]} Rg8 {[%emt 0:05:32]} 15. Nf3 {[%emt 0:05:47]} Qe7 {[%emt 0:08:45]} 16. O-O-O {[%emt 0:03:19]} Bd7 {[%emt 0:06:56]} 17. Nh4 {[%emt 0:04:23]} Bf8 {[%emt 0:05:02]} 18. Ng6+ {[%emt 0:00:34]} Rxg6 {[%emt 0:00:13]} 19. hxg6 {[%emt 0:00:06]} Nf6 {[%emt 0:00:46]} 20. Bg5 {[%emt 0:00:42]} Bg7 {[%emt 0:02:05]} 21. Rxh7+ {[%emt 0:02:09]} Kg8 {[%emt 0:00:18]} 22. Rdh1 {[%emt 0:03:18]} Be8 {[%emt 0:03:36]} 23. b4 {[%emt 0:05:50]} Ncd7 {[%emt 0:00:27]} 24. Bg4 {[%emt 0:00:46]} Nf8 {[%emt 0:01:31]} 25. Rxg7+ {[%emt 0:18:56]} Qxg7 {[%emt 0:00:21]} 26. Bh6 {[%emt 0:00:24]} Qe7 {[%emt 0:04:02]} 27. g7 {[%emt 0:00:37]} N8h7 {[%emt 0:00:48]} 28. Bf5 {[%emt 0:02:43]} Bd7 {[%emt 0:02:06]} 29. Bg6 {[%emt 0:07:35]} a5 {[%emt 0:03:07]} 30. Qh2 {[%emt 0:11:22]} axb4 {[%emt 0:04:05]} 31. Nd1 {[%emt 0:05:21]} Ra3 {[%emt 0:01:16]} 32. Ne3 {[%emt 0:01:12]} Rc3+ {[%emt 0:01:19]} 33. Kb2 {[%emt 0:00:59]} Bc8 {[%emt 0:03:40]} 34. Bxh7+ {[%emt 0:01:26]} Nxh7 {[%emt 0:00:29]} 35. Bf4 {[%emt 0:00:09]} Nf6 {[%emt 0:02:56]} 36. Qh8+ {[%emt 0:00:12]} Kf7 {[%emt 0:00:05]} 37. Bg5 {[%emt 0:00:11]} Rxe3 {[%emt 0:00:45]} 38. g8=Q+ {[%emt 0:00:30]} 1-0

[Event "ROU-ch Women 2021"]
[Site "Iasi"]
[Date "2021.04.23"]
[Round "7.3"]
[White "Cosman, Andreea-Marioara"]
[Black "Obada, Ema"]
[Result "1/2-1/2"]
[WhiteElo "2164"]
[BlackElo "1940"]
[Annotator "NA"]
[PlyCount "51"]
[EventDate "2021.04.19"]
[EventType "swiss"]
[EventCountry "ROU"]
[SourceTitle "playchess.com"]
[Source "ChessBase"]
[SourceQuality "1"]
[TimeControl "5400+30"]

1. d4 e6 2. c4 Nf6 3. Nf3 Bb4+ 4. Nbd2 O-O 5. a3 Bxd2+ 6. Qxd2 d6 7. b3 Nbd7 8. Bb2 Qe7 9. Qc2 b6 10. e4 e5 11. d5 Nh5 12. O-O-O a5 13. Ne1 Nc5 14. f3 Bd7 15. g4 Nf4 16. h4 c6 17. dxc6 Bxc6 18. Nd3 Nfxd3+ 19. Bxd3 Rfc8 20. Kb1 Bd7 21. a4 Be6 22. Ba3 Rc6 23. Qc3 Rac8 24. Bxc5 Rxc5 25. Qd2 Rd8 26. Be2 1/2-1/2

[Event "ROU-ch Women 2021"]
[Site "Iasi"]
[Date "2021.04.23"]
[Round "7.4"]
[White "Anghel, Maria"]
[Black "Pancu, Aureliana-Eugenia"]
[Result "1-0"]
[WhiteElo "1918"]
[BlackElo "1878"]
[Annotator "TA"]
[PlyCount "83"]
[EventDate "2021.04.19"]
[EventType "swiss"]
[EventCountry "ROU"]
[SourceTitle "playchess.com"]
[Source "ChessBase"]
[SourceQuality "1"]

{[%evp 15,83,41,45,43,68,17,47,45,69,91,88,72,219,220,222,206,220,224,210,211,229,222,212,212,220,164,229,155,166,128,137,126,127,132,135,131,123,119,143,142,146,124,218,205,294,282,367,364,498,505,614,598,589,587,1152,1060,1187,1122,1047,1066,1187,1187,1183,1168,29974,29975,29973,29975,29968,29970]} 1. d4 Nf6 2. Nf3 g6 3. c4 Bg7 4. g3 b6 5. Bg2 Bb7 6. O-O O-O 7. Nc3 {7.d5 might become the main line.} d6 8. Qc2 Nbd7 9. e4 {A50: Queen's Fianchetto Defence (1 d4 Nf6 2 c4 b6).} c5 {[#]} 10. e5 $146 (10. d5 $14) ({Predecessor:} 10. d5 Ng4 11. h3 Nge5 12. Nd2 Nf6 13. f4 Ned7 14. Nf3 Ba6 15. Qd3 Qc7 16. a4 Qc8 {1-0 (59) Savic,R (1903)-Breggia Bicchiere,A (1548) Davos 2020}) 10... dxe5 11. dxe5 {White is slightly better.} Ng4 12. e6 $1 {[%cal Re6d7]} fxe6 13. Qe2 Kh8 {[#]} (13... Qc7 $16) 14. Ng5 $1 $18 {[%mdl 64] Discovered Attack} Bxg2 15. Kxg2 Nge5 16. Nxe6 {[%mdl 64] Double Attack} Qc8 {White must now prevent ...Qc6+.} 17. Nxf8 Qc6+ 18. Qe4 Qxe4+ 19. Nxe4 Rxf8 20. Ng5 Rc8 (20... Nxc4 $142 21. Ne6 Rf5) 21. Ne6 Nxc4 22. Nxg7 Kxg7 23. b3 Nd6 24. Re1 Kf7 25. Bg5 Nf6 26. Rad1 c4 27. bxc4 Rxc4 28. Rc1 b5 (28... Nd5 $16 29. Re2 Rxc1 30. Bxc1 b5) 29. Rxc4 bxc4 (29... Nxc4 {keeps fighting.} 30. Be3 a6) 30. Bxf6 Kxf6 {[%mdl 4096] Endgame KR-KN} 31. f4 c3 32. Rc1 g5 33. Rxc3 gxf4 34. gxf4 h6 35. Rc7 a5 36. Rc5 a4 37. Ra5 Ke6 38. Rxa4 Kd5 39. Ra7 Nf5 40. Ra5+ {White mates.} Ke4 {[#]} 41. Rxf5 $1 Kxf5 42. Kf3 {Black did not feel at home in the position after the opening.  Weighted Error Value: White=0.11/Black=0.67} 1-0

[Event "ROU-ch Women 2021"]
[Site "Iasi"]
[Date "2021.04.23"]
[Round "7.5"]
[White "Pirvan, Maria"]
[Black "Lehaci, Miruna-Daria"]
[Result "1/2-1/2"]
[WhiteElo "1529"]
[BlackElo "2188"]
[Annotator "NA"]
[PlyCount "94"]
[EventDate "2021.04.19"]
[EventType "swiss"]
[EventCountry "ROU"]
[SourceTitle "playchess.com"]
[Source "ChessBase"]
[SourceQuality "1"]
[TimeControl "5400+30"]

1. e4 {[%emt 0:00:00]} e6 {[%emt 0:00:00]} 2. d4 {[%emt 0:00:00]} d5 {[%emt 0:00:00]} 3. Nd2 {[%emt 0:00:00]} c5 {[%emt 0:00:00]} 4. exd5 {[%emt 0:00:00]} exd5 {[%emt 0:00:00]} 5. dxc5 {[%emt 0:01:15]} Bxc5 {[%emt 0:00:00]} 6. Nb3 {[%emt 0:00:16]} Bb6 {[%emt 0:00:06]} 7. Nf3 {[%emt 0:00:21]} Nf6 {[%emt 0:01:08]} 8. Bd3 {[%emt 0:00:18]} O-O {[%emt 0:00:21]} 9. O-O {[%emt 0:00:05]} Bg4 {[%emt 0:01:19]} 10. h3 {[%emt 0:01:06]} Bh5 {[%emt 0:00:11]} 11. Bg5 {[%emt 0:01:56]} Qd6 {[%emt 0:06:49]} 12. Bh4 {[%emt 0:03:25]} Nc6 {[%emt 0:01:39]} 13. Bf5 {[%emt 0:17:31]} Qf4 {[%emt 0:11:45]} 14. g4 {[%emt 0:09:03]} Bg6 {[%emt 0:08:04]} 15. Bxg6 {[%emt 0:04:36]} hxg6 {[%emt 0:05:54]} 16. Kg2 {[%emt 0:05:09]} Qd6 {[%emt 0:01:23]} 17. Nbd4 {[%emt 0:02:26]} Rfe8 {[%emt 0:06:45]} 18. c3 {[%emt 0:07:36]} Ne4 {[%emt 0:05:13]} 19. Qd3 {[%emt 0:01:55]} Nxd4 {[%emt 0:10:24]} 20. Nxd4 {[%emt 0:00:29]} g5 {[%emt 0:03:17]} 21. Nf5 {[%emt 0:06:26]} Qc6 {[%emt 0:01:02]} 22. Bg3 {[%emt 0:01:02]} Nxg3 {[%emt 0:04:43]} 23. Qxg3 {[%emt 0:05:37]} Re4 {[%emt 0:07:46]} 24. Rad1 {[%emt 0:09:35]} Rae8 {[%emt 0:03:56]} 25. Kg1 {[%emt 0:05:59]} Re2 {[%emt 0:07:58]} 26. Qf3 {[%emt 0:08:55]} Rxb2 {[%emt 0:01:07]} 27. Rxd5 {[%emt 0:01:30]} Rxa2 {[%emt 0:05:28]} 28. c4 {[%emt 0:04:42]} Bc5 {[%emt 0:01:55]} 29. Qc3 {[%emt 0:02:04]} Bf8 {[%emt 0:01:59]} 30. Rfd1 {[%emt 0:00:59]} Qc7 {[%emt 0:03:27]} 31. Rd7 {[%emt 0:00:40]} Qf4 {[%emt 0:00:07]} 32. Rf1 {[%emt 0:00:32]} b6 {[%emt 0:00:50]} 33. c5 {[%emt 0:00:27]} Rae2 {[%emt 0:01:04]} 34. c6 {[%emt 0:00:29]} R2e4 {[%emt 0:00:37]} 35. Rxa7 {[%emt 0:00:33]} Rc4 {[%emt 0:00:10]} 36. Qb3 {[%emt 0:00:20]} Rc8 {[%emt 0:00:43]} 37. Qxb6 {[%emt 0:00:41]} R4xc6 {[%emt 0:00:16]} 38. Qb3 {[%emt 0:00:27]} Rf6 {[%emt 0:00:16]} 39. Qb7 {[%emt 0:00:29]} Rb8 {[%emt 0:00:28]} 40. Qd7 {[%emt 0:00:31]} g6 {[%emt 0:00:41]} 41. Ne7+ {[%emt 0:00:30]} Bxe7 {[%emt 0:00:06]} 42. Qxe7 {[%emt 0:00:07]} Kg7 {[%emt 0:00:42]} 43. Qc7 {[%emt 0:00:50]} Qb4 {[%emt 0:00:10]} 44. Qe5 {[%emt 0:00:30]} Qb6 {[%emt 0:00:23]} 45. Rd7 {[%emt 0:00:37]} Rc8 {[%emt 0:00:59]} 46. Qxg5 {[%emt 0:00:29]} Rc2 {[%emt 0:00:37]} 47. Qh4 {[%emt 0:00:26]} Rc4 {[%emt 0:01:01]} 1/2-1/2

[Event "ROU-ch Women 2021"]
[Site "Iasi"]
[Date "2021.04.23"]
[Round "7.6"]
[White "Marcu, Daria-Ana"]
[Black "Maria, Lia-Alexandra"]
[Result "0-1"]
[WhiteElo "1533"]
[BlackElo "1713"]
[Annotator "NA"]
[PlyCount "70"]
[EventDate "2021.04.19"]
[EventType "swiss"]
[EventCountry "ROU"]
[SourceTitle "playchess.com"]
[Source "ChessBase"]
[SourceQuality "1"]
[TimeControl "5400+30"]

1. e4 {[%emt 0:00:00]} e6 {[%emt 0:00:00]} 2. d4 {[%emt 0:00:00]} d5 {[%emt 0:00:00]} 3. Nc3 {[%emt 0:00:00]} Bb4 {[%emt 0:00:00]} 4. Bd2 {[%emt 0:00:35]} dxe4 {[%emt 0:02:40]} 5. Nxe4 {[%emt 0:00:19]} Qxd4 {[%emt 0:02:43]} 6. Nc3 {[%emt 0:00:20]} Nf6 {[%emt 0:01:37]} 7. Nf3 {[%emt 0:00:20]} Qd8 {[%emt 0:07:08]} 8. Bd3 {[%emt 0:02:18]} O-O {[%emt 0:04:51]} 9. O-O {[%emt 0:01:09]} Nbd7 {[%emt 0:03:16]} 10. a3 {[%emt 0:00:34]} Be7 {[%emt 0:00:32]} 11. Bf4 {[%emt 0:03:12]} a6 {[%emt 0:02:35]} 12. Qe2 {[%emt 0:04:00]} b5 {[%emt 0:03:16]} 13. Rad1 {[%emt 0:03:21]} Bb7 {[%emt 0:05:58]} 14. Ng5 {[%emt 0:00:59]} h6 {[%emt 0:05:45]} 15. Nge4 {[%emt 0:00:49]} e5 {[%emt 0:02:52]} 16. Nxf6+ {[%emt 0:04:31]} Bxf6 {[%emt 0:01:07]} 17. Bxh6 {[%emt 0:27:33]} gxh6 {[%emt 0:03:00]} 18. Bf5 {[%emt 0:00:23]} Bc6 {[%emt 0:03:10]} 19. Qg4+ {[%emt 0:01:55]} Kh8 {[%emt 0:02:20]} 20. Qh3 {[%emt 0:00:29]} Bg7 {[%emt 0:03:18]} 21. Bxd7 {[%emt 0:06:40]} Qf6 {[%emt 0:00:42]} 22. Bxc6 {[%emt 0:08:35]} Qxc6 {[%emt 0:00:09]} 23. Qd7 {[%emt 0:00:36]} Qg6 {[%emt 0:02:30]} 24. Nd5 {[%emt 0:02:19]} Qxc2 {[%emt 0:02:58]} 25. Qxc7 {[%emt 0:01:41]} Qxb2 {[%emt 0:01:57]} 26. Qa5 {[%emt 0:01:10]} Qc2 {[%emt 0:03:21]} 27. Nb4 {[%emt 0:05:48]} Qg6 {[%emt 0:02:38]} 28. Rc1 {[%emt 0:01:14]} Rfd8 {[%emt 0:03:33]} 29. h3 {[%emt 0:04:52]} e4 {[%emt 0:06:14]} 30. Rc6 {[%emt 0:02:10]} Rd6 {[%emt 0:02:35]} 31. Rfc1 {[%emt 0:01:15]} Be5 {[%emt 0:04:57]} 32. R6c5 {[%emt 0:05:16]} Bf4 {[%emt 0:01:04]} 33. Re1 {[%emt 0:02:39]} e3 {[%emt 0:02:35]} 34. fxe3 {[%emt 0:02:22]} Rd2 {[%emt 0:00:54]} 35. g4 {[%emt 0:01:38]} Qe4 {[%emt 0:00:38]} 0-1

[Event "ROU-ch Women 2021"]
[Site "Iasi"]
[Date "2021.04.24"]
[Round "8.1"]
[White "Ciolacu, Alessia-Mihaela"]
[Black "Cosman, Andreea-Marioara"]
[Result "1-0"]
[WhiteElo "2052"]
[BlackElo "2164"]
[Annotator "NA"]
[PlyCount "71"]
[EventDate "2021.04.19"]
[EventType "swiss"]
[EventCountry "ROU"]
[SourceTitle "playchess.com"]
[Source "ChessBase"]
[SourceQuality "1"]
[TimeControl "5400+30"]

1. d4 {[%emt 0:00:00]} Nf6 {[%emt 0:00:24]} 2. c4 {[%emt 0:00:00]} c5 {[%emt 0:00:05]} 3. d5 {[%emt 0:00:00]} e6 {[%emt 0:00:04]} 4. Nc3 {[%emt 0:00:00]} exd5 {[%emt 0:00:15]} 5. cxd5 {[%emt 0:00:00]} d6 {[%emt 0:00:04]} 6. Nf3 {[%emt 0:00:03]} g6 {[%emt 0:00:07]} 7. Bf4 {[%emt 0:00:08]} Bg7 {[%emt 0:00:06]} 8. Qa4+ {[%emt 0:00:09]} Bd7 {[%emt 0:00:05]} 9. Qb3 {[%emt 0:00:11]} b5 {[%emt 0:00:06]} 10. Bxd6 {[%emt 0:00:17]} Qb6 {[%emt 0:00:06]} 11. Be5 {[%emt 0:00:13]} O-O {[%emt 0:00:21]} 12. e3 {[%emt 0:00:43]} c4 {[%emt 0:00:06]} 13. Qd1 {[%emt 0:00:39]} b4 {[%emt 0:00:06]} 14. Ne2 {[%emt 0:00:30]} Rc8 {[%emt 0:06:39]} 15. Nf4 {[%emt 0:00:59]} c3 {[%emt 0:05:17]} 16. Bd3 {[%emt 0:01:19]} Na6 {[%emt 0:06:33]} 17. O-O {[%emt 0:04:35]} Nc5 {[%emt 0:01:06]} 18. Bc2 {[%emt 0:04:49]} Nce4 {[%emt 0:12:14]} 19. Qb1 {[%emt 0:29:41]} Nd6 {[%emt 0:14:41]} 20. bxc3 {[%emt 0:04:15]} Nc4 {[%emt 0:01:31]} 21. Bd4 {[%emt 0:03:02]} Qc7 {[%emt 0:09:52]} 22. Qxb4 {[%emt 0:14:43]} Bg4 {[%emt 0:09:42]} 23. Bd3 {[%emt 0:10:55]} Bxf3 {[%emt 0:06:30]} 24. gxf3 {[%emt 0:02:26]} Nd2 {[%emt 0:01:19]} 25. Rfd1 {[%emt 0:09:33]} Nxf3+ {[%emt 0:00:17]} 26. Kg2 {[%emt 0:00:33]} Qd7 {[%emt 0:04:38]} 27. Bxf6 {[%emt 0:06:39]} Qg4+ {[%emt 0:00:13]} 28. Kh1 {[%emt 0:00:07]} Bxf6 {[%emt 0:00:21]} 29. Be2 {[%emt 0:00:44]} Bxc3 {[%emt 0:12:33]} 30. Qe4 {[%emt 0:00:16]} Bxa1 {[%emt 0:02:23]} 31. Bxf3 {[%emt 0:00:23]} Qh4 {[%emt 0:00:18]} 32. Rxa1 {[%emt 0:00:22]} Qxf2 {[%emt 0:00:57]} 33. d6 {[%emt 0:01:28]} Rab8 {[%emt 0:03:13]} 34. Nd5 {[%emt 0:01:16]} Rc2 {[%emt 0:02:57]} 35. Nf6+ {[%emt 0:00:18]} Kg7 {[%emt 0:01:01]} 36. Ng4 {[%emt 0:01:23]} 1-0